000 01475cam a22003374a 4500
001 13563158
005 20070724123538.0
008 040419s2005 enkb | b 001 0 eng d
010 _a 2004049739
020 _a9780521803328
020 _a9780521005807
040 _aDLC
_cDLC
_dDLC
042 _apcc
043 _aaw-----
050 0 0 _aKBP55
_b.H35 2005
082 0 0 _a340.5909
_222
_bHAL
100 1 _aHallaq, Wael B.,
_d1955-
_915504
245 1 4 _aThe Origins and Evolution of Islamic Law /
_cWael B. Hallaq.
260 _aCambridge, UK :
_bCambridge University Press,
_cc2005.
300 _a234 p. :
_bmaps ;
_c23 cm.
490 0 _aThemes in Islamic law ;
_n1
_915505
504 _aIncludes bibliographical references and index.
541 _aBacca ;
650 0 _aIslamic law
_xHistory
_yTo 1500.
_915506
856 4 1 _3Table of contents
_uhttp://www.loc.gov/catdir/toc/cam051/2004049739.html
856 4 2 _3Publisher description
_uhttp://www.loc.gov/catdir/description/cam041/2004049739.html
856 4 2 _3Contributor biographical information
_uhttp://www.loc.gov/catdir/enhancements/fy0732/2004049739-b.html
942 _2ddc
_cBB
999 _c14298
_d14298